000 00641nam a2200169 i 4500
001 83290
003 ES-MaACL
005 20230906174815.0
007 t|
008 041115s1974 sp ||||1| spa d
245 0 0 _aEstadística del movimiento de viajeros en establecimientos hoteleros y acampamentos
_b: meses de abirl, mayo y junio de 1974 y resumen trimestral /
_cInstituto Nacional de Estadística.
260 _a[Madrid :
_bs.n.,
_c1974]
300 _aVI, 60 p. ;
_c27 cm.
650 0 4 _aTurismo-
_zEspaña-
_vEstadísticas.
_917669
710 2 _aInstituto Nacional de Estadística (España)
_95162
852 _aES-MaACL
_jE-6970
_bR.91305
999 _c83290
_d83290